Datum a čas kvízu
16
Celkem bodů
Celkový počet nahraných bodů na tomto kvízu bez doplňovacích otázek.
9.
Pořadí na kvízu
Konečné umístění týmu na tomto kvízu.
Zaznamenané odpovědi
| # | Otázka | Odpověď | Body | Výsledky |
|---|---|---|---|---|
| 1. | Prorektor Univerzity Karlovy ú... | Aleš Gerloch | 0 | |
| 2. | Máte doma v lednici Power Natu... | viagru, erekci | 1 | |
| 3. | Jistá populární facebooková st... | Opráski sčeskí historje | 1 | |
| 4. | Novou odrůdu meruněk jménem So... | šarka | 0 | |
| 5. | Jak se jmenuje muž, který byl... | Tomáš Vaclík | 1 | |
| 6. | Dnešní cestovatelské téma se b... | Córdoba | 0 | |
| 7. | Terminál letiště a mnoho další... | Pablo Picasso | 0 | |
| 8. | Když si vzpomenete na jednu zn... | Malagelo | 1 | |
| 9. | Jak se jmenuje antický hrdina,... | Héraklés (též Herkules) | 0 | |
| 10. | Na obrázku vidíte radnici v př... | Juan Carlos I. | 0 |